<?xml version="1.0" encoding="UTF-8"?>
<record
    xmlns:xsi="http://www.w3.org/2001/XMLSchema-instance"
    xsi:schemaLocation="http://www.loc.gov/MARC21/slim http://www.loc.gov/standards/marcxml/schema/MARC21slim.xsd"
    xmlns="http://www.loc.gov/MARC21/slim">

  <leader>02881nam a2200193 a 4500</leader>
  <datafield tag="020" ind1=" " ind2=" ">
    <subfield code="a">0199604134 (paperback)</subfield>
  </datafield>
  <datafield tag="020" ind1=" " ind2=" ">
    <subfield code="a">9780199604135 (paperback)</subfield>
  </datafield>
  <datafield tag="082" ind1=" " ind2=" ">
    <subfield code="a">541.2 KEE</subfield>
  </datafield>
  <datafield tag="100" ind1="1" ind2=" ">
    <subfield code="a">Keeler, James.</subfield>
  </datafield>
  <datafield tag="245" ind1="1" ind2="0">
    <subfield code="a">Chemical structure and reactivity :</subfield>
  </datafield>
  <datafield tag="250" ind1=" " ind2=" ">
    <subfield code="a">2nd ed.</subfield>
  </datafield>
  <datafield tag="260" ind1=" " ind2=" ">
    <subfield code="a">[S.l.] :</subfield>
    <subfield code="b">Oxford University Press,</subfield>
    <subfield code="c">2013.</subfield>
  </datafield>
  <datafield tag="300" ind1=" " ind2=" ">
    <subfield code="a">896 p. ;</subfield>
  </datafield>
  <datafield tag="520" ind1=" " ind2=" ">
    <subfield code="a">Why do certain substances react together in the way that they do? What determines the shape of molecules? And how can we predict whether a particular reaction will happen at all? Such questions lie at the heart of chemistry - the science of understanding the composition of substances, their reactions, and properties. Though introductory chemistry is often broken into three sections-inorganic, organic, and physical-the only way for students to fully understand the subject is to see it as a single, unified whole. Chemical Structure and Reactivity rises to the challenge of depicting the reality of chemistry. Offering a fresh approach to the subject by depicting it as a seamless discipline, the text shows how organic, inorganic, and physical concepts can be blended together in order to achieve the common goal of understanding chemical systems. With a lively and engaging writing style enhanced by vivid illustrations, only Chemical Structure and Reactivity makes teaching chemistry with an integrated approach possible. Special Features --The only introductory text to take a truly integrated approach in explaining the fundamentals of chemistry. --Fosters an orbital-based understanding of reactions, with clear curly-arrow mechanistic detail throughout. --A two-part structure allows flexibility of use: Part I lays down the core of the subject, while Part II describes a series of relatively standalone topics, which can be selected to fit a particular course. --Numerous concepts are illustrated with fully cross-referenced custom-developed online modules, enabling students to develop an understanding through active learning. --Self-test exercises embedded in the text (with solutions at the end of each chapter) and extensive question sets encourage hands-on learning, to help students master the subject and gain confidence. --The Online Resource Centre features a range of additional resources for both students and registered adopters of the book. New to this Edition --A new chapter on symmetry has been added to Part I. --Discussions of organometallic chemistry, spectroscopy, and molecular geometry have been expanded. --Cross references from Part I to Part II have been increased to make the links between core concepts and more advanced topics clearer. --More self-test questions and exercises have been provided.</subfield>
  </datafield>
  <datafield tag="650" ind1=" " ind2=" ">
    <subfield code="a">chemical structure,reactivity</subfield>
  </datafield>
  <datafield tag="700" ind1="1" ind2=" ">
    <subfield code="a">Wothers, Peter.</subfield>
  </datafield>
  <datafield tag="856" ind1="4" ind2="0">
    <subfield code="u">http://www.amazon.com/exec/obidos/ASIN/0199604134/chopaconline-20</subfield>
  </datafield>
  <datafield tag="942" ind1=" " ind2=" ">
    <subfield code="c">REF</subfield>
  </datafield>
  <datafield tag="999" ind1=" " ind2=" ">
    <subfield code="c">932</subfield>
    <subfield code="d">932</subfield>
  </datafield>
  <datafield tag="952" ind1=" " ind2=" ">
    <subfield code="0">0</subfield>
    <subfield code="1">0</subfield>
    <subfield code="7">0</subfield>
    <subfield code="8">NFIC</subfield>
    <subfield code="a">IC</subfield>
    <subfield code="b">IC</subfield>
    <subfield code="c">GEN</subfield>
    <subfield code="d">2015-06-06</subfield>
    <subfield code="l">1</subfield>
    <subfield code="o">541.2 KEE</subfield>
    <subfield code="p">006815</subfield>
    <subfield code="r">2022-11-17 00:00:00</subfield>
    <subfield code="s">2020-01-28</subfield>
    <subfield code="y">BK</subfield>
  </datafield>
</record>
